[Event "Unterfranken-ch69 M2"]
[Site "Schweinfurt"]
[Date "2018.04.04"]
[Round "5"]
[White "Susallek, Markus"]
[Black "Kuhn, Norbert"]
[Result "1/2-1/2"]
[WhiteElo "1875"]
[BlackElo "2084"]
[PlyCount "51"]
[EventDate "2018.04.02"]
[EventType "swiss"]
[EventRounds "9"]
[EventCountry "GER"]
[SourceTitle "EXT 2019"]
[Source "ChessBase"]
[SourceDate "2018.10.10"]
[SourceVersion "1"]
[SourceVersionDate "2018.10.10"]
[SourceQuality "1"]

1. e4 e6 2. d4 d5 3. Nd2 c5 4. Ngf3 Nc6 5. exd5 exd5 6. Bb5 Bd6 7. 0-0 Nge7 8. dxc5 Bxc5 9. Nb3 Bb6 10. c3 Bg4 11. Be2 0-0 12. Bf4 Re8 13. Re1 Qd7 14. Qd2 Rad8 15. Nfd4 h6 16. Bd3 Nxd4 17. Nxd4 Bxd4 18. cxd4 Bf5 19. Rac1 Nc6 20. Bb5 Rxe1+ 21. Rxe1 Re8 22. Rc1 Re6 23. Rc3 a6 24. Ba4 Qe7 25. Re3 Rxe3 26. Bxe3 1/2-1/2

[Event "Vellmar op 9th"]
[Site "Vellmar"]
[Date "2017.07.14"]
[Round "3"]
[White "Kuhn, Norbert"]
[Black "Neukirchner, Pascal"]
[Result "0-1"]
[WhiteElo "2094"]
[BlackElo "2150"]
[PlyCount "62"]
[EventDate "2017.07.13"]
[EventType "swiss"]
[EventRounds "7"]
[EventCountry "GER"]
[SourceTitle "CBM 179 Extra"]
[Source "ChessBase"]
[SourceDate "2017.08.23"]
[SourceVersion "1"]
[SourceVersionDate "2017.08.23"]
[SourceQuality "1"]

1. e4 c5 2. Nf3 Nc6 3. b4 cxb4 4. d4 d5 5. exd5 Qxd5 6. c4 bxc3 7. Nxc3 Qa5 8. Bd2 e6 9. Nb5 Bb4 10. Nd6+ Ke7 11. Nc4 Bxd2+ 12. Nfxd2 Qd5 13. Qb3 b5 14. Qa3+ b4 15. Qg3 Nf6 16. Bd3 Bb7 17. 0-0 Rad8 18. Rfd1 h5 19. h4 Rhg8 20. Nf3 Nxd4 21. Nxd4 Qxd4 22. Ne5 Rd5 23. Nxf7 Qg4 24. Qxg4 Nxg4 25. Ng5 Rgd8 26. Be2 Rxd1+ 27. Rxd1 Rxd1+ 28. Bxd1 Bd5 29. Bb3 Ne5 30. f3 Nd3 31. Ne4 Nc1 0-1

[Event "Schweinfurt op 26th"]
[Site "Schweinfurt"]
[Date "2016.05.26"]
[Round "2"]
[White "Kuhn, Norbert"]
[Black "Hohner, Karl Heinz"]
[Result "1-0"]
[WhiteElo "2119"]
[BlackElo "1883"]
[PlyCount "41"]
[EventDate "2016.05.26"]
[EventType "swiss"]
[EventRounds "7"]
[EventCountry "GER"]
[SourceTitle "CBM 172 Extra"]
[Source "ChessBase"]
[SourceDate "2016.06.21"]
[SourceVersion "1"]
[SourceVersionDate "2016.06.21"]
[SourceQuality "1"]

1. e4 e5 2. d4 exd4 3. Nf3 d5 4. exd5 Bb4+ 5. c3 Bd6 6. Qxd4 Nf6 7. Bg5 Nbd7 8. Be2 0-0 9. 0-0 h6 10. Bh4 Re8 11. Re1 Bc5 12. Qd2 Nf8 13. c4 Ng6 14. Nc3 Nxh4 15. Nxh4 Bd7 16. h3 Ng4 17. Bxg4 Rxe1+ 18. Rxe1 Bxg4 19. hxg4 Qxh4 20. Ne4 Bf8 21. Qe2 1-0

[Event "Schweinfurt op 24th"]
[Site "Schweinfurt"]
[Date "2014.06.19"]
[Round "2"]
[White "Kuhn, Norbert"]
[Black "Mueller, Gerhard"]
[Result "1-0"]
[WhiteElo "2151"]
[BlackElo "1840"]
[PlyCount "83"]
[EventDate "2014.06.19"]
[EventType "swiss"]
[EventRounds "7"]
[EventCountry "GER"]
[SourceTitle "CBM 161 Extra"]
[Source "ChessBase"]
[SourceDate "2014.08.29"]
[SourceVersion "1"]
[SourceVersionDate "2014.08.29"]
[SourceQuality "1"]

1. e4 d5 2. exd5 Qxd5 3. d4 Nc6 4. Nf3 Bg4 5. Be2 e6 6. Bf4 Qe4 7. Be3 Nb4 8. Na3 Nd5 9. Qd2 Bb4 10. c3 Nxe3 11. fxe3 Bxa3 12. bxa3 Nf6 13. 0-0 Nd5 14. Ng5 Qxe3+ 15. Qxe3 Nxe3 16. Bxg4 Nxg4 17. Rxf7 h6 18. Rf4 hxg5 19. Rxg4 Rh5 20. Rb1 b6 21. Rb5 Kf7 22. Rbxg5 Rxg5 23. Rxg5 Rc8 24. h4 c5 25. dxc5 Rxc5 26. Rxc5 bxc5 27. Kf2 Kf6 28. Kf3 Kf5 29. g4+ Ke5 30. Ke3 a6 31. c4 a5 32. a4 Kf6 33. Ke4 Kf7 34. Ke5 Ke7 35. h5 Kd7 36. g5 Ke7 37. h6 gxh6 38. gxh6 Kf7 39. h7 Kg7 40. Kxe6 Kxh7 41. Kd5 Kg6 42. Kxc5 1-0